00597nam a2200193Ia 4500008004100000020002100041041000800062082001600070100002000086245005200106260004800158300000800206365001200214440003300226650001700259942001200276999001900288952009600307140306s9999 xx 000 0 und d a81 7100 122 x aeng a301bVER/SO aVerinder Grover aSociological aspects of Indian political system aNew DelhibDeep and Deep Publicationc 1990 a703 bRs .550 vPolitical system in India -7 aCarte system 2ddccBK c181844d181844 00102ddc4070aKAUCBVbKAUCBVg550.00l0o301 VER/SOr2014-03-22 00:00:00w2014-03-22yBK